[Event "40th Olympiad Open"]
[Site "Istanbul TUR"]
[Date "2012.09.05"]
[Round "8.51"]
[Board "2"]
[White "Nyambalo, Joseph Xavier"]
[Black "Juarez Flores, Carlos A."]
[Result "0-1"]
[BlackTitle "IM"]
[WhiteElo "2100"]
[BlackElo "2349"]
[WhiteTeam "Malawi"]
[BlackTeam "Guatemala"]
[WhiteFideId "20500041"]
[BlackFideId "7300018"]
[EventDate "2012.08.28"]

1. Nf3 d5 2. d4 c5 3. c3 c4 4. g3 Nf6 5. Bg2 Nc6 6. O-O Bf5 7. Bf4 h6 8. Nbd2 e6
9. Ne5 Be7 10. Qa4 Qa5 11. Qxa5 Nxa5 12. b4 cxb3 13. axb3 Bd8 14. b4 Nc6 15.
Nxc6 bxc6 16. Be5 Bb6 17. c4 Kd7 18. c5 Bc7 19. Bxc7 Kxc7 20. Ra6 Rhb8 21. Rfa1
Rb7 22. f3 Bg6 23. b5 Rxb5 24. Rxa7+ Rxa7 25. Rxa7+ Kb8 26. Ra2 Rb4 27. e3 e5
28. dxe5 Nd7 29. f4 Nxc5 30. g4 Bd3 31. Bf1 Kb7 32. h3 Bxf1 33. Kxf1 Nd7 34. Rc2
c5 35. f5 Kc6 36. Nf3 Re4 37. Nd4+ Kb6 38. e6 fxe6 39. fxe6 Nf8 40. Rb2+ Ka6 41.
Ra2+ Kb7 42. Rb2+ Kc7 43. Nb5+ Kc6 44. Na7+ Kd6 45. Rb6+ Kc7 46. Rb3 Nxe6 47.
Nb5+ Kc6 48. Nc3 Rxe3 49. Rb6+ Kxb6 50. Nxd5+ Kb5 51. Nxe3 Kb4 52. Ke1 Kc3 53.
Kd1 Kd3 54. Nd5 Ke4 55. Ne7 Kf3 56. Nf5 Kg2 57. h4 Kf3 58. g5 h5 59. Ne7 Kg4 60.
Ng6 Nf4 61. Ne7 Kxh4 0-1

[Event "40th Olympiad Open"]
[Site "Istanbul TUR"]
[Date "2012.09.05"]
[Round "8.52"]
[Board "1"]
[White "Melas, Renos"]
[Black "Kulpruethanon, Thanadon"]
[Result "1/2-1/2"]
[WhiteElo "2108"]
[BlackElo "2068"]
[WhiteTeam "Cyprus"]
[BlackTeam "Thailand"]
[WhiteFideId "5900166"]
[BlackFideId "6201610"]
[EventDate "2012.08.28"]

1. d4 Nf6 2. c4 e6 3. Nc3 d5 4. cxd5 exd5 5. Bg5 Be7 6. e3 O-O 7. Qc2 c6 8. Bd3
Nbd7 9. Nf3 Re8 10. O-O Nf8 11. Bxf6 Bxf6 12. b4 b6 13. Rab1 Bb7 14. Rfc1 g6 15.
Na4 Rc8 16. Qb3 Ne6 17. Rc2 Qd6 18. Rbc1 h5 19. h4 Kg7 20. Nc3 Red8 21. Na4 Re8
22. a3 Rc7 23. Rd1 Rcc8 24. Rdc1 Red8 25. Rd1 Qe7 26. g3 Qd6 27. Rdc1 Rc7 28.
Bf1 Rdc8 29. Bh3 Ba6 30. Nd2 Kg8 31. Nc3 Bd3 32. Rb2 Ba6 33. a4 Bb7 34. Rbc2 Be7
35. Rb1 f5 36. Nf3 Bf6 37. Rbc1 Kh7 38. Bg2 Rd8 39. Ne2 Rcc8 40. Nf4 Nxf4 41.
gxf4 Kg7 42. Ng5 Bxg5 43. hxg5 Rc7 44. b5 c5 45. dxc5 bxc5 46. Qa3 Rdc8 47. a5
Kh7 48. Qb2 d4 49. Bxb7 Rxb7 50. Qb3 Rd7 51. Rd2 Qc7 52. Rxd4 cxd4 53. Rxc7
Rcxc7 54. exd4 Rxd4 55. Qe3 Rd1+ 56. Kg2 Rdd7 57. Qe6 Rg7 58. Qd6 1/2-1/2

[Event "40th Olympiad Open"]
[Site "Istanbul TUR"]
[Date "2012.09.05"]
[Round "8.52"]
[Board "2"]
[White "Kananub, Warot"]
[Black "Lazaris, Stelios"]
[Result "1-0"]
[WhiteElo "2139"]
[BlackElo "1827"]
[WhiteTeam "Thailand"]
[BlackTeam "Cyprus"]
[WhiteFideId "6201601"]
[BlackFideId "5900425"]
[EventDate "2012.08.28"]

1. d4 Nf6 2. c4 g6 3. Nc3 Bg7 4. e4 d6 5. f3 Nbd7 6. Be3 e5 7. d5 O-O 8. Qd2 Ne8
9. O-O-O Nc5 10. g4 Bd7 11. Nge2 b5 12. b4 Na4 13. cxb5 Nb6 14. Ng3 Qc8 15. Qd3
Qb7 16. Rd2 Rb8 17. Rb2 Nf6 18. g5 Ne8 19. Be2 f6 20. gxf6 Nxf6 21. Kd2 Bh3 22.
a4 Rf7 23. a5 Nbd7 24. Bf1 Bxf1 25. Rxf1 Rbf8 26. Qe2 h5 27. h4 Kh7 28. Rf2 Bh6
29. Bxh6 Kxh6 30. Nh1 Ng8 31. Ng3 Rf4 32. Qe3 Kh7 33. Nge2 R4f6 34. Ng1 Nh6 35.
Nh3 Nf7 36. Qd3 Qc8 37. Qf1 Qd8 38. Rc2 Kh8 39. Nd1 Rg8 40. Qc4 1-0

[Event "40th Olympiad Open"]
[Site "Istanbul TUR"]
[Date "2012.09.05"]
[Round "8.52"]
[Board "3"]
[White "Constantinou, Pavlos"]
[Black "Pitirotjirathon, Jirapak"]
[Result "0-1"]
[BlackTitle "FM"]
[WhiteElo "2064"]
[BlackElo "2270"]
[WhiteTeam "Cyprus"]
[BlackTeam "Thailand"]
[WhiteFideId "5900328"]
[BlackFideId "6200206"]
[EventDate "2012.08.28"]

1. d4 d5 2. c4 c6 3. Nf3 Nf6 4. e3 Bf5 5. Nc3 e6 6. Nh4 Be4 7. f3 Bg6 8. Be2 Be7
9. g3 O-O 10. Nxg6 hxg6 11. O-O c5 12. dxc5 Bxc5 13. cxd5 exd5 14. Na4 Bd6 15.
Bd2 Re8 16. Re1 Nc6 17. Bb5 Qc7 18. Kg2 a6 19. Bf1 b5 20. Nc3 Bc5 21. Rc1 Qa7
22. Nxb5 axb5 23. Qc2 Bb4 24. Bxb5 Rec8 25. Bxb4 Nxb4 26. Qxc8+ Rxc8 27. Rxc8+
Kh7 28. a4 d4 29. exd4 Qxd4 30. Re2 Nbd5 31. Rc1 Ne3+ 32. Kh1 Nfd5 33. Rce1 f5
34. Bc6 g5 35. b4 Qxb4 36. Bb5 f4 37. Bd3+ Kg8 38. g4 Qxa4 39. Be4 Nc3 40. Rb2
Nxe4 41. fxe4 Qxe4+ 42. Kg1 Qf3 0-1

[Event "40th Olympiad Open"]
[Site "Istanbul TUR"]
[Date "2012.09.05"]
[Round "8.53"]
[Board "2"]
[White "Faraj, Yahya"]
[Black "Atwoli, Joseph"]
[Result "0-1"]
[WhiteTitle "FM"]
[WhiteElo "2243"]
[BlackElo "2065"]
[WhiteTeam "Yemen"]
[BlackTeam "Kenya"]
[WhiteFideId "9400184"]
[BlackFideId "10800816"]
[EventDate "2012.08.28"]

1. Nf3 Nc6 2. d4 d5 3. Bf4 Bf5 4. a3 f6 5. Bg3 Qd7 6. e3 g5 7. h3 h5 8. c4 e6 9.
Bd3 Nge7 10. Nc3 h4 11. Bh2 a6 12. e4 dxe4 13. Nxe4 Bxe4 14. Bxe4 O-O-O 15. Qb3
f5 16. Bxc6 Nxc6 17. O-O-O g4 18. hxg4 fxg4 19. Ne5 Nxd4 20. Qe3 Bh6 21. Nxd7
Rxd7 22. Be5 Bxe3+ 23. fxe3 Ne2+ 24. Kc2 Rh5 25. Rd2 Rxd2+ 26. Kxd2 Rxe5 27.
Kxe2 Rh5 28. Kd3 Kd7 29. Ke4 e5 30. b4 Kd6 31. Kd3 Kc6 32. a4 a5 33. bxa5 Kc5
34. Kc3 h3 35. gxh3 gxh3 36. Rh2 Rh4 37. Kb3 c6 38. a6 bxa6 39. a5 Kd6 40. Kc3
Ke6 41. Kb4 Kf5 42. Kc5 Kg4 43. Kxc6 Kg3 44. Rxh3+ Kxh3 45. Kd5 Kg3 46. c5 e4
47. c6 Kf3 48. c7 Rh8 49. Kc6 Kxe3 50. Kb7 Kd4 51. Kxa6 e3 52. Kb7 e2 53. a6
e1=Q 54. c8=Q Qb4+ 55. Ka7 Qc5+ 56. Qxc5+ Kxc5 57. Kb7 Rh7+ 0-1

[Event "40th Olympiad Open"]
[Site "Istanbul TUR"]
[Date "2012.09.05"]
[Round "8.53"]
[Board "4"]
[White "Abdulla, Omar"]
[Black "Magana, Ben"]
[Result "0-1"]
[WhiteElo "2019"]
[BlackElo "2032"]
[WhiteTeam "Yemen"]
[BlackTeam "Kenya"]
[WhiteFideId "9400508"]
[BlackFideId "10800166"]
[EventDate "2012.08.28"]

1. d4 d5 2. Nf3 Nf6 3. Bf4 c5 4. e3 Nc6 5. h3 Qb6 6. b3 Bf5 7. a3 cxd4 8. exd4
e6 9. Be2 Be4 10. Be3 Bd6 11. O-O O-O 12. Nbd2 Rac8 13. c4 Bb8 14. Re1 Rfd8 15.
c5 Qc7 16. Nf1 e5 17. b4 a5 18. b5 Bxf3 19. bxc6 Bxe2 20. Rxe2 Qxc6 21. Rb1 Ne4
22. Rb6 Qc7 23. Reb2 exd4 24. Rxb7 Qxc5 25. Bxd4 Qxa3 26. g3 Bd6 27. Qh5 Rf8 28.
Qxd5 Nf6 29. Qg5 Ne8 30. Re2 Qd3 31. Qg4 Rc4 32. Rxe8 Qxd4 33. Qd7 Qf6 34. Rxf8+
Bxf8 35. Rb8 Rc2 36. Nd2 Rc1+ 37. Nf1 g6 38. Qa4 Rc5 39. Ne3 Kg7 40. Ng4 Rc1+
41. Kg2 Qc6+ 42. Qxc6 Rxc6 43. Ne5 Re6 44. f4 Bd6 45. Rb5 Bxe5 46. fxe5 Ra6 47.
Kf3 a4 48. Rb2 a3 49. Ra2 Ra4 50. Ke3 Kf8 51. Kd3 Ke7 52. Kc2 Ke6 53. Kb3 Ra5
54. g4 Rxe5 55. Rh2 Re3+ 56. Ka2 Ke5 57. h4 Kf4 58. g5 Kg4 59. Rh1 Rh3 60. Rf1
Kxh4 61. Rxf7 Kxg5 62. Ka1 h5 0-1

[Event "40th Olympiad Open"]
[Site "Istanbul TUR"]
[Date "2012.09.05"]
[Round "8.54"]
[Board "1"]
[White "Burgos Figueroa, Carlos E."]
[Black "Jones, Richard S."]
[Result "0-1"]
[WhiteTitle "IM"]
[BlackTitle "IM"]
[WhiteElo "2272"]
[BlackElo "2393"]
[WhiteTeam "El Salvador"]
[BlackTeam "Wales"]
[WhiteFideId "6700187"]
[BlackFideId "1800833"]
[EventDate "2012.08.28"]

1. e4 e5 2. Nc3 Nf6 3. g3 Bc5 4. Bg2 O-O 5. Nge2 Nc6 6. d3 a6 7. O-O d6 8. h3 b5
9. Kh2 Bb7 10. a3 Nd4 11. Nxd4 Bxd4 12. Ne2 Bb6 13. f4 Qe7 14. fxe5 dxe5 15. g4
Ne8 16. Ng3 g6 17. g5 Ng7 18. Rf6 Rad8 19. Bd2 Rd6 20. Qf3 Bc8 21. Rf1 Ne6 22.
Ne2 c5 23. h4 c4 24. Bb4 Bc5 25. Bxc5 Nxc5 26. dxc4 bxc4 27. Nc3 Bb7 28. Rxd6
Qxd6 29. Rd1 Qb6 30. Rd5 Bxd5 31. Nxd5 Qd6 32. h5 Nd7 33. Qf2 f5 34. Qa7 gxh5
35. exf5 e4+ 0-1

[Event "40th Olympiad Open"]
[Site "Istanbul TUR"]
[Date "2012.09.05"]
[Round "8.54"]
[Board "2"]
[White "Kett, Tim"]
[Black "Chavez, Ricardo Ernesto"]
[Result "1-0"]
[BlackTitle "FM"]
[WhiteElo "2237"]
[BlackElo "2205"]
[WhiteTeam "Wales"]
[BlackTeam "El Salvador"]
[WhiteFideId "1801210"]
[BlackFideId "6700098"]
[EventDate "2012.08.28"]

1. e4 d6 2. d4 Nf6 3. Nc3 g6 4. f4 Bg7 5. Nf3 O-O 6. e5 Nfd7 7. Be3 c5 8. exd6
exd6 9. Qd2 Nc6 10. O-O-O Qa5 11. Kb1 Nf6 12. h3 a6 13. Be2 b5 14. dxc5 b4 15.
Qxd6 bxc3 16. Qxc6 cxb2 17. Bc4 Bf5 18. Qb6 Qc3 19. Qb3 Bxc2+ 20. Qxc2 Qxe3 21.
Rhe1 Qxf4 22. Ne5 Rae8 23. Nxf7 Qc7 24. Nd6+ Kh8 25. Nxe8 Nxe8 26. Bd5 Qa5 27.
Bf3 Nc7 28. Bc6 Rf6 29. Rd8+ Bf8 30. Red1 Kg8 31. Qc4+ Kg7 32. R1d7+ Kh8 33.
Rxf8+ Rxf8 34. Qd4+ 1-0

[Event "40th Olympiad Open"]
[Site "Istanbul TUR"]
[Date "2012.09.05"]
[Round "8.54"]
[Board "3"]
[White "Arias, Daniel"]
[Black "Dineley, Richard"]
[Result "0-1"]
[WhiteElo "2081"]
[BlackElo "2259"]
[WhiteTeam "El Salvador"]
[BlackTeam "Wales"]
[WhiteFideId "6700640"]
[BlackFideId "1800680"]
[EventDate "2012.08.28"]

1. e4 c5 2. Nf3 d6 3. d4 cxd4 4. Nxd4 Nf6 5. Nc3 a6 6. Be3 e5 7. Nb3 Be6 8. h3
Be7 9. Qf3 O-O 10. O-O-O Nbd7 11. Kb1 Rc8 12. Nd5 Bxd5 13. exd5 Nb6 14. g4 e4
15. Qg2 Nbxd5 16. Bc1 Nb4 17. g5 Nd7 18. Qxe4 d5 19. Qh4 Nb6 20. c3 Nc6 21. Bd3
g6 22. f4 Re8 23. Rhf1 Bf8 24. Qf2 Qc7 25. Bc2 Rcd8 26. h4 Nc4 27. h5 Qb6 28.
hxg6 hxg6 29. Qh4 Ne3 30. Rh1 Bg7 31. f5 gxf5 32. g6 fxg6 33. Qh7+ Kf7 34. Rdg1
Ne7 35. Bxe3 Qxe3 36. Bxf5 Rd6 37. Re1 Qg5 38. Bd3 Rh8 39. Rhf1+ Nf5 40. Bxf5
Rxh7 41. Be6+ Ke7 42. Bg8+ Kd8 43. Bxh7 Rf6 44. Nc5 Rxf1 45. Rxf1 Qe7 46. b4 b6
47. Nxa6 Qe2 0-1

[Event "40th Olympiad Open"]
[Site "Istanbul TUR"]
[Date "2012.09.05"]
[Round "8.54"]
[Board "4"]
[White "Jones, Iolo C"]
[Black "Chavez, Hector Eduardo"]
[Result "1-0"]
[WhiteTitle "CM"]
[WhiteElo "2243"]
[BlackElo "2153"]
[WhiteTeam "Wales"]
[BlackTeam "El Salvador"]
[WhiteFideId "1800094"]
[BlackFideId "6700160"]
[EventDate "2012.08.28"]

1. d4 g6 2. Nf3 Bg7 3. e4 c5 4. d5 d6 5. c4 Nf6 6. Nc3 O-O 7. Be2 b5 8. cxb5 a6
9. b6 Qxb6 10. O-O Bg4 11. a4 Nbd7 12. a5 Qc7 13. Nd2 Bxe2 14. Qxe2 Rfb8 15. Nc4
Ne8 16. Bd2 Qd8 17. f4 Nc7 18. e5 Nb5 19. exd6 Nxd6 20. Ne5 Nxe5 21. fxe5 Rxb2
22. Na4 Rxd2 23. Qxd2 Bxe5 24. Rac1 Bd4+ 25. Kh1 Nf5 26. Rf3 Qd6 27. Nb6 Rb8 28.
Qd3 Rxb6 29. axb6 Qxb6 30. g4 Nd6 31. Rb1 Nb5 32. Qe4 Qd6 33. Re1 Kf8 34. Qe6
Qxe6 35. dxe6 f6 36. Re2 Nc7 37. Rb3 Be5 38. Rb8+ Kg7 39. Rb7 Bd6 40. Rd2 Nb5
41. Ra2 Nc7 42. Rd2 Nb5 43. Rb6 Nd4 44. Rxd4 cxd4 45. Rxa6 h6 46. Ra4 Be5 47.
Ra5 d3 48. Rd5 d2 49. Rxd2 f5 50. gxf5 gxf5 51. Ra2 Kf6 52. Ra6 Bd6 53. Ra4 Bc5
54. Ra6 Bd6 55. Ra4 Kxe6 56. Rh4 Ke5 57. Kg2 Kf6 58. Rxh6+ Kg5 59. Re6 Kg4 60.
h3+ Kf4 61. Rg6 Bc5 62. h4 e5 63. h5 Ke3 64. Rg5 Kf4 65. h6 e4 66. h7 Kxg5 67.
h8=Q Bd6 68. Qg7+ Kh5 69. Qf6 1-0

[Event "40th Olympiad Open"]
[Site "Istanbul TUR"]
[Date "2012.09.05"]
[Round "8.55"]
[Board "1"]
[White "Elliott, Warren"]
[Black "Jang, Kyungsik"]
[Result "1-0"]
[WhiteTitle "FM"]
[WhiteElo "2250"]
[BlackElo "1861"]
[WhiteTeam "Jamaica"]
[BlackTeam "South Korea"]
[WhiteFideId "7400179"]
[BlackFideId "13201166"]
[EventDate "2012.08.28"]

1. e4 c5 2. Nf3 d6 3. d4 cxd4 4. Nxd4 Nf6 5. Nc3 g6 6. Be3 Bg7 7. f3 O-O 8. Qd2
Nc6 9. Bc4 Bd7 10. h4 Na5 11. Bb3 Rb8 12. h5 Nxh5 13. g4 Nf6 14. Bh6 Nxb3 15.
axb3 Bc6 16. Bxg7 Kxg7 17. Qh6+ Kg8 18. g5 1-0

[Event "40th Olympiad Open"]
[Site "Istanbul TUR"]
[Date "2012.09.05"]
[Round "8.55"]
[Board "2"]
[White "Bae, Junggi"]
[Black "Rowe, Duane"]
[Result "1/2-1/2"]
[BlackTitle "CM"]
[WhiteElo "1730"]
[BlackElo "2251"]
[WhiteTeam "South Korea"]
[BlackTeam "Jamaica"]
[WhiteFideId "13201298"]
[BlackFideId "7400268"]
[EventDate "2012.08.28"]

1. d4 Nf6 2. Nf3 e6 3. e3 c5 4. c4 a6 5. Bd3 Nc6 6. O-O Qc7 7. Nbd2 b6 8. Ne4
Bb7 9. Bd2 h5 10. dxc5 bxc5 11. Bc3 Be7 12. a3 Ng4 13. Be2 Nd4 14. exd4 Bxe4 15.
Ne5 Bb7 16. h3 Nxe5 17. dxe5 Bc6 18. Bxh5 Qb7 19. Bf3 Bxf3 20. Qxf3 Qxf3 21.
gxf3 Rxh3 22. Kg2 Rh4 23. b3 Rb8 24. Rab1 f5 25. Rh1 g5 26. Rxh4 gxh4 27. b4
cxb4 28. axb4 Kd8 29. b5 Bc5 30. Rb2 axb5 31. cxb5 Kc7 32. Kh3 Rh8 33. Ba5+ Kb7
34. Rc2 Rc8 35. Rd2 Kb8 36. Rxd7 Bxf2 37. Rd8 Rxd8 38. Bxd8 Kb7 39. Bxh4 Bd4 40.
Bg3 Kc7 41. Kh4 Kd7 42. Kg5 Be3+ 43. Kf6 Bb6 44. Kf7 Bd4 45. Bf4 Bc5 46. Bd2 Bd4
47. Kf6 Bb6 48. Bb4 Bd8+ 49. Kf7 Bb6 50. Bc3 Bf2 51. Kf6 Bh4+ 52. Kg6 Bf2 53.
Kg5 Be3+ 54. f4 Bb6 55. Kh4 Be3 56. Kg3 Kc7 57. Kf3 Bc1 58. Bd4 Kb7 59. Bf2 Bd2
60. Bc5 Bc1 61. Bf2 Bd2 62. Bc5 Bc1 63. Bf2 1/2-1/2

[Event "40th Olympiad Open"]
[Site "Istanbul TUR"]
[Date "2012.09.05"]
[Round "8.55"]
[Board "3"]
[White "Davy, Damion"]
[Black "Baek, Wongi"]
[Result "1-0"]
[WhiteElo "2101"]
[BlackElo "1719"]
[WhiteTeam "Jamaica"]
[BlackTeam "South Korea"]
[WhiteFideId "7400519"]
[BlackFideId "13200186"]
[EventDate "2012.08.28"]

1. e4 d5 2. exd5 Nf6 3. Nf3 Bf5 4. d4 Qxd5 5. Be2 c6 6. O-O e6 7. c4 Qa5 8. Nc3
Bb4 9. Bd2 Ne4 10. Nxe4 Bxe4 11. Be3 Bd6 12. c5 Be7 13. Qb3 b5 14. a4 Bd5 15.
Qc2 bxa4 16. Rxa4 Qc7 17. Rfa1 O-O 18. Qc3 Bf6 19. Qa3 a6 20. Qc3 Qb7 21. b4 Re8
22. Bf4 Ra7 23. Ne5 Bd8 24. Nc4 Be7 25. Nd6 Bxd6 26. Bxd6 Rd8 27. h4 f6 28. Qg3
Ra8 29. Qc3 Ra7 30. R1a3 Ra8 31. Bd3 Ra7 32. Qd2 Ra8 33. Qf4 Ra7 34. h5 Ra8 35.
h6 Re8 36. Bc2 gxh6 37. Rg3+ 1-0

[Event "40th Olympiad Open"]
[Site "Istanbul TUR"]
[Date "2012.09.05"]
[Round "8.55"]
[Board "4"]
[White "Kim, Inguh"]
[Black "Mellace, Andrew"]
[Result "0-1"]
[WhiteElo "1790"]
[BlackElo "2081"]
[WhiteTeam "South Korea"]
[BlackTeam "Jamaica"]
[WhiteFideId "13201204"]
[BlackFideId "7400055"]
[EventDate "2012.08.28"]

1. d4 Nf6 2. Nf3 g6 3. c4 Bg7 4. e3 d6 5. Bd3 c5 6. Nc3 O-O 7. O-O cxd4 8. exd4
Bg4 9. Be3 Nc6 10. Be2 e5 11. d5 Ne7 12. Qd2 Rc8 13. b3 a6 14. a4 Nf5 15. Ng5
Bxe2 16. Qxe2 Nxe3 17. Qxe3 Ng4 18. Qd2 Bh6 19. Nce4 f5 20. f4 fxe4 21. Ne6 Qb6+
22. c5 Rxc5 23. Kh1 e3 24. Qe2 Nf2+ 25. Kg1 exf4 26. Qf3 Rc2 27. Nxf8 Kxf8 28.
Rfe1 Qxb3 29. Rab1 Qc3 30. Kf1 Nd3 31. Rxe3 Rc1+ 32. Rxc1 Qxc1+ 33. Ke2 Qxe3+
34. Qxe3 fxe3 35. Kxd3 b5 36. axb5 axb5 37. g4 b4 0-1

[Event "40th Olympiad Open"]
[Site "Istanbul TUR"]
[Date "2012.09.05"]
[Round "8.57"]
[Board "1"]
[White "Wiedenkeller, Michael"]
[Black "Bravo, William"]
[Result "1-0"]
[WhiteTitle "IM"]
[BlackTitle "FM"]
[WhiteElo "2475"]
[BlackElo "2291"]
[WhiteTeam "Luxembourg"]
[BlackTeam "Nicaragua"]
[WhiteFideId "1700146"]
[BlackFideId "6100406"]
[EventDate "2012.08.28"]

1. d4 Nf6 2. c4 g6 3. Nc3 Bg7 4. e4 d6 5. f3 O-O 6. Be3 c5 7. dxc5 dxc5 8. Qxd8
Rxd8 9. Bxc5 Nc6 10. Nge2 Nd7 11. Bf2 Nde5 12. Nf4 Bh6 13. Bg3 b6 14. Be2 Bb7
15. Nfd5 e6 16. O-O f5 17. Nc7 Rac8 18. Nxe6 Re8 19. Bf4 Bxf4 20. Nxf4 Nd4 21.
b3 b5 22. Nxb5 Nxb5 23. cxb5 fxe4 24. fxe4 Bxe4 25. Rac1 Rxc1 26. Rxc1 Kf7 27.
Kf2 Re7 28. Rc3 Ke8 29. h4 h6 30. a4 g5 31. hxg5 hxg5 32. Nh3 Nf7 33. Bh5 Kd7
34. Rg3 Bc2 35. Nxg5 Nxg5 36. Rxg5 Bxb3 1-0

[Event "40th Olympiad Open"]
[Site "Istanbul TUR"]
[Date "2012.09.05"]
[Round "8.57"]
[Board "2"]
[White "Fonseca Cabrera, Ernesto"]
[Black "Wagener, Claude"]
[Result "0-1"]
[BlackTitle "FM"]
[WhiteElo "2211"]
[BlackElo "2261"]
[WhiteTeam "Nicaragua"]
[BlackTeam "Luxembourg"]
[WhiteFideId "6101046"]
[BlackFideId "4000471"]
[EventDate "2012.08.28"]

1. Nf3 Nf6 2. c4 g6 3. Nc3 d5 4. cxd5 Nxd5 5. Qa4+ Bd7 6. Qh4 Bc6 7. Qd4 Rg8 8.
Ne5 e6 9. Nxd5 Qxd5 10. Qf4 f5 11. Nxc6 Nxc6 12. Qa4 O-O-O 13. e3 Kb8 14. a3 Bg7
15. Qc4 Na5 16. Qxd5 exd5 17. d4 Rge8 18. Kd1 c5 19. Bb5 Re6 20. b4 Nb3 21. Rb1
Nxc1 22. bxc5 f4 23. Kxc1 fxe3 24. fxe3 Rxe3 25. Bc6 Re7 26. Rd1 Kc8 27. Bb5 Rf8
28. Rb2 Re4 29. Be2 Bxd4 30. Rc2 Be3+ 31. Kb2 d4 32. Bf3 Re7 33. c6 b6 34. Kb3
Kc7 35. Kc4 Re5 36. Kd3 Rb5 37. a4 Ra5 38. Ra2 Rff5 39. Rb1 Rfc5 40. Rb3 Kd6 41.
Ke2 Bg5 42. Kd3 Bf6 43. Raa3 Rc3+ 44. Rxc3 dxc3 45. Kc2 b5 46. Rb3 Rxa4 47. Rxb5
Ra2+ 48. Kc1 Ra1+ 49. Kc2 Ra2+ 50. Kc1 Rd2 51. Rd5+ Rxd5 52. Bxd5 Be5 53. Bg8 h6
54. Bh7 g5 55. Kc2 Kxc6 56. h3 Kc5 57. Bg8 Kd4 58. Bf7 Ke3 59. Bd5 a5 60. Bc6
Kf2 61. Be4 a4 62. Bd5 a3 0-1

[Event "40th Olympiad Open"]
[Site "Istanbul TUR"]
[Date "2012.09.05"]
[Round "8.57"]
[Board "4"]
[White "Alfaro, William"]
[Black "Schartz, Alain"]
[Result "0-1"]
[WhiteTitle "FM"]
[WhiteElo "2129"]
[BlackElo "2158"]
[WhiteTeam "Nicaragua"]
[BlackTeam "Luxembourg"]
[WhiteFideId "6100457"]
[BlackFideId "4000765"]
[EventDate "2012.08.28"]

1. d4 d5 2. Nf3 Nf6 3. c4 e6 4. g3 dxc4 5. Bg2 Nc6 6. O-O Be7 7. e3 O-O 8. Qe2
Na5 9. Ne5 c5 10. dxc5 Bxc5 11. Nxc4 Nxc4 12. Qxc4 Qe7 13. Bd2 Rb8 14. Rc1 Bd6
15. Nc3 a6 16. e4 b5 17. Qe2 Nd7 18. Nd1 Bb7 19. Be3 b4 20. b3 a5 21. Nb2 Be5
22. Rab1 Ra8 23. f4 Bb8 24. Qf2 Re8 25. Nc4 e5 26. Re1 a4 27. Rbd1 axb3 28. axb3
Bc7 29. f5 Ba6 30. Rc1 Reb8 31. Nb2 Bb6 32. Na4 Bxe3 33. Qxe3 Bb5 34. Red1 Bxa4
35. bxa4 Nb6 36. a5 Na4 37. Qb3 Nc3 38. Re1 Qa7+ 39. Kh1 Qxa5 40. f6 Qa2 0-1

[Event "40th Olympiad Open"]
[Site "Istanbul TUR"]
[Date "2012.09.05"]
[Round "8.58"]
[Board "4"]
[White "Munro, Allan"]
[Black "Yaaqoub, Rashid"]
[Result "1/2-1/2"]
[BlackTitle "FM"]
[WhiteElo "2067"]
[BlackElo "2196"]
[WhiteTeam "Trinidad & Tobago"]
[BlackTeam "Sudan"]
[WhiteFideId "7700245"]
[BlackFideId "12200336"]
[EventDate "2012.08.28"]

1. e4 e5 2. Nf3 Nc6 3. Bb5 Nf6 4. d3 Bc5 5. O-O d6 6. c3 O-O 7. a4 a6 8. Bc4 Bg4
9. Bg5 h6 10. Be3 Qe7 11. Nbd2 Ba7 12. Re1 Nd8 13. Nf1 c6 14. h3 Be6 15. Bxa7
Rxa7 16. Ng3 b5 17. Bb3 c5 18. d4 Rb7 19. Bxe6 Qxe6 20. d5 Qd7 21. axb5 axb5 22.
Qd2 Kh7 23. Ra6 Ne8 24. Rea1 g6 25. Nh2 f6 26. Ng4 Qg7 27. Ne3 h5 28. h4 Nf7 29.
Qe2 Nh6 30. b4 cxb4 31. cxb4 Qf7 32. Ngf1 f5 33. Nd2 f4 34. Nd1 Qe7 35. Nf3 Ng7
36. Nc3 Rfb8 37. Ng5+ Kg8 38. f3 Nf7 39. Nxf7 Kxf7 40. Qf2 Ne8 41. Ra7 Nc7 42.
Rxb7 Rxb7 43. Ra7 Rb8 44. Qa2 Kf8 45. Qa5 Qxh4 46. Qxc7 1/2-1/2

[Event "40th Olympiad Open"]
[Site "Istanbul TUR"]
[Date "2012.09.05"]
[Round "8.59"]
[Board "2"]
[White "Lebrun, Piersont"]
[Black "Kobler, Mario"]
[Result "1/2-1/2"]
[WhiteTitle "CM"]
[WhiteElo "1973"]
[BlackElo "2099"]
[WhiteTeam "Haiti"]
[BlackTeam "Liechtenstein"]
[WhiteFideId "11900083"]
[BlackFideId "12000094"]
[EventDate "2012.08.28"]

1. d4 Nf6 2. c4 g6 3. Nc3 d5 4. e3 Bg7 5. Nf3 O-O 6. cxd5 Nxd5 7. Be2 c5 8. Bd2
Nc6 9. dxc5 Nxc3 10. Bxc3 Bxc3+ 11. bxc3 Qa5 12. Qb3 Qxc5 13. O-O b6 14. Nd4 Bb7
15. Bf3 e5 16. Bxc6 Bxc6 17. Nc2 Be4 18. Na3 Rac8 19. Rac1 Rfd8 20. Nb1 Qd5 21.
c4 Qc6 22. f3 Bxb1 23. Qxb1 Qc5 24. Qb3 Rd2 25. Rf2 Rcd8 26. Rc2 Rd1+ 27. Rf1
R8d3 28. Rxd1 Qxe3+ 29. Rf2 Rxb3 30. axb3 Qxb3 31. Rc1 a5 32. g3 Qd3 33. c5 bxc5
34. Rxc5 Qa3 35. Rcc2 a4 36. Kg2 f5 37. Rc7 Qb4 38. Ra7 e4 39. fxe4 Qxe4+ 40.
Kf1 Qd3+ 41. Kg2 a3 42. h4 h6 43. Kh2 Qe3 44. Ra8+ Kf7 45. Ra2 f4 46. R8xa3
fxg3+ 47. Kg2 Qe4+ 48. Kxg3 g5 49. hxg5 hxg5 50. Ra7+ Kg6 51. R7a6+ Kf7 52. R2a4
Qe1+ 53. Kg4 Qh4+ 54. Kf5 Qf2+ 55. Kxg5 Qg3+ 56. Kf5 Qf3+ 57. Rf4 Qd5+ 58. Kg4+
Ke7 59. Ra7+ Ke6 60. Ra6+ Ke7 61. Raa4 Qd1+ 62. Kf5 Qh5+ 63. Ke4 Qg6+ 64. Ke3
Qg1+ 65. Ke2 Qh2+ 66. Kf3 Qh5+ 67. Kf2 Qh2+ 68. Kf3 Qh5+ 69. Kf2 Qh2+ 70. Kf3 1/2-1/2

[Event "40th Olympiad Open"]
[Site "Istanbul TUR"]
[Date "2012.09.05"]
[Round "8.59"]
[Board "3"]
[White "Mannhart, Marcel"]
[Black "Luxama, Jacques"]
[Result "1-0"]
[WhiteElo "2066"]
[BlackElo "1964"]
[WhiteTeam "Liechtenstein"]
[BlackTeam "Haiti"]
[WhiteFideId "12000108"]
[BlackFideId "11900113"]
[EventDate "2012.08.28"]

1. Nc3 d5 2. e4 dxe4 3. Nxe4 Nd7 4. Bc4 e6 5. Nf3 Ngf6 6. d3 b6 7. O-O Bb7 8.
Qe2 Be7 9. Re1 O-O 10. Neg5 Bxf3 11. Nxf3 h6 12. Bd2 Re8 13. Bb5 c5 14. Ne5 a6
15. Bc6 Ra7 16. Bxd7 Rxd7 17. Nxd7 Qxd7 18. Bf4 Nd5 19. Be5 f6 20. Bg3 e5 21. a3
Kf8 22. Qe4 Bd8 23. Qg6 Bc7 24. Rad1 Ne7 25. Qh5 Qf5 26. Qe2 Nc6 27. Qe4 Qxe4
28. dxe4 Ke7 29. f3 Bd6 30. Bf2 a5 31. Kf1 Ke6 32. c3 a4 33. Ke2 Na5 34. Kd3 Rd8
35. Kc2 Nb3 36. Rd3 Rd7 37. Red1 Rd8 38. Be3 Na5 39. g3 Ke7 40. f4 Bc7 41. f5
Nc4 42. Bc1 Nd6 43. Re1 Kd7 44. g4 Rh8 45. h4 Bd8 46. Rg3 Be7 47. Rg2 Kc6 48.
Kd3 Kb5 49. Kc2 c4 50. Ree2 Kc6 51. Bd2 Nf7 52. Be1 Nd6 53. Bg3 Nf7 54. Rg1 Bd6
55. Rd1 Rd8 56. Rdd2 Re8 57. Bf2 Rd8 58. Kd1 Re8 59. Ke1 Rd8 60. Kf1 Re8 61. Kg2
Rd8 62. Kf3 Rd7 63. Be3 Rd8 64. g5 hxg5 65. hxg5 fxg5 66. Rh2 Be7 67. Rxd8 Bxd8
68. Kg4 Bf6 69. Kh5 Kc7 70. Kg6 Nd6 71. Bxg5 Nxe4 72. Bxf6 gxf6 73. Re2 Ng3 74.
Re3 Nf1 75. Re1 Ng3 76. Kxf6 e4 77. Ke5 Kd7 78. Rxe4 Nxe4 79. Kxe4 1-0